Hidden Words In Bordering US States - Statistics

General Stats
  • This quiz has been taken 2,065 times
    2,053 since last reset
  • The average score is 16 of 20
Answer Stats
Hidden Word Bordering State % Correct
Done New Mexico
93%
Done Colorado
88%
Mage Georgia
84%
Seem Tennessee
84%
Mate Texas
82%
Seek Tennessee
80%
Seek Kentucky
79%
Wane Nebraska
78%
Open Pennsylvania
78%
Mate Oklahoma
77%
Seen Tennessee
77%
Ever Vermont
77%
Mage Alabama
76%
Seem Missouri
76%
Wane Iowa
74%
Owes West Virginia
74%
Open Ohio
73%
Owes Ohio
70%
Seen North Carolina
67%
Ever New Hampshire
65%
No matching quizzes found
Score Distribution
Percent of People with Each Score
Percentile by Number Answered
Your Score History
You have not taken this quiz since the last reset